| 000 | 00407nam a2200169Ia 4500 | ||
|---|---|---|---|
| 008 | 191130s2005##################000#0#eng## | ||
| 020 | _a9788120326903 | ||
| 040 |
_aACL _cACL |
||
| 082 | _a790.1 | ||
| 245 | _aGame design process | ||
| 260 |
_aNew Delhi _bPHI Learning _c-2005 |
||
| 300 | _a274p | ||
| 650 | _agame | ||
| 990 | _ac0432ad0ac10000c0aa384d0cf4ef5ab | ||
| 991 | _a356135 | ||
| 999 |
_c191383 _d191383 |
||